The Journal of general education
Saved in:
| Corporate Authors: | , |
|---|---|
| Format: | Journal |
| Language: | English |
| Published: |
University Park, etc., :
Pennsylvania State University Press,etc.
|
| Tags: |
Add Tag
No Tags, Be the first to tag this record!
|
| Institutions: | Thư viện Trường Đại học Đà Lạt |
|---|
| LEADER | 00634nam a2200265 4500 | ||
|---|---|---|---|
| 001 | DLU080061589 | ||
| 022 | # | # | |a 0021-3667 |
| 040 | # | # | |a DLU |b eng |
| 041 | # | # | |a eng |
| 245 | # | # | |a The Journal of general education |
| 246 | # | # | |a JGE |
| 260 | # | # | |a University Park, etc., : |b Pennsylvania State University Press,etc. |
| 300 | # | # | |a v. ; |c 23 cm. |
| 310 | # | # | |a Quarterly, |b 2000- |
| 710 | # | # | |a University of Chicago |
| 710 | # | # | |a University of Iowa |
| 992 | # | # | |a 0 |
| 994 | # | # | |a DLU |
| 900 | # | # | |a True |
| 911 | # | # | |a Lưu Ngọc Hà |
| 925 | # | # | |a G |
| 926 | # | # | |a A |
| 927 | # | # | |a TT |
| 980 | # | # | |a Thư viện Trường Đại học Đà Lạt |